Faculty of Law Library — Cairo University

Official Online Catalog

La Référence Au Chapitre Vii De La Charte Des Nations Unies Dans Les Résolutions À Caractère Humanitaire Du Conseil De Sécurité / (Record no. 50832)

MARC details
000 -LEADER
fixed length control field 01072nam a2200325 i 4500
003 - CONTROL NUMBER IDENTIFIER
control field EG-GICUC
005 - DATE AND TIME OF LATEST TRANSACTION
control field 20260121101510.0
008 - FIXED-LENGTH DATA ELEMENTS--GENERAL INFORMATION
fixed length control field 251216s1995 fr ||||fr ||| 00| 0 fre d
017 ## - COPYRIGHT OR LEGAL DEPOSIT NUMBER
Copyright or legal deposit number 118/1995
020 ## - INTERNATIONAL STANDARD BOOK NUMBER
International Standard Book Number 2275003177
040 ## - CATALOGING SOURCE
Original cataloging agency EG-GICUC
Transcribing agency EG-GICUC
Modifying agency EG-GICUC
Description conventions rda
Language of cataloging fre
041 0# - LANGUAGE CODE
Language code of text/sound track or separate title fre
082 04 - DEWEY DECIMAL CLASSIFICATION NUMBER
Edition number 21
Classification number 341.23
Item number YA . R
092 04 - LOCALLY ASSIGNED DEWEY CALL NUMBER (OCLC)
Edition number 21
099 ## - LOCAL FREE-TEXT CALL NUMBER (OCLC)
Classification number Law1 11 341.23 YA . R 1995
100 1# - MAIN ENTRY--PERSONAL NAME
Personal name Yann Kerbrat
Relator term Auteur
245 12 - TITLE STATEMENT
Title La Référence Au Chapitre Vii De La Charte Des Nations Unies Dans Les Résolutions À Caractère Humanitaire Du Conseil De Sécurité /
Statement of responsibility, etc. Yann Kerbrat .
264 #0 - PRODUCTION, PUBLICATION, DISTRIBUTION, MANUFACTURE, AND COPYRIGHT NOTICE
Place of production, publication, distribution, manufacture Paris :
Name of producer, publisher, distributor, manufacturer Universite Pantheon-Assas ,
Date of production, publication, distribution, manufacture, or copyright notice 1995 .
300 ## - PHYSICAL DESCRIPTION
Extent 120 Pages;
Dimensions 30 cm.
336 ## - CONTENT TYPE
Content type term text
Source rda content
337 ## - MEDIA TYPE
Media type term Computer
Source rda media
338 ## - CARRIER TYPE
Carrier type term Online Resource
Source rda carrier
546 ## - LANGUAGE NOTE
Language note Texte en français
650 04 - SUBJECT ADDED ENTRY--TOPICAL TERM
Topical term or geographic name entry element Droit international public
650 04 - SUBJECT ADDED ENTRY--TOPICAL TERM
Topical term or geographic name entry element Les Nations Unies
700 1# - ADDED ENTRY--PERSONAL NAME
Personal name Mario Bettati
Relator term Préfacier
856 ## - ELECTRONIC LOCATION AND ACCESS
Uniform Resource Identifier <a href="https://fll.law.cu.edu.eg/fulltext/th/B11-05225.pdf">https://fll.law.cu.edu.eg/fulltext/th/B11-05225.pdf</a>
905 ## - Cataloger and Reviser Names
Cataloger Name: Logain Ashraf
942 ## - ADDED ENTRY ELEMENTS (KOHA)
Source of classification or shelving scheme Dewey Decimal Classification
Koha item type Books
Edition 21
Suppress in OPAC No
Holdings
Withdrawn status Lost status Source of classification or shelving scheme Damaged status Not for loan Collection Home library Current library Date acquired Total checkouts Full call number Barcode Date last seen Copy number Price effective from Koha item type
    Dewey Decimal Classification   Not for loan القانون الدولي العام جــــامعة القــاهرة مكتبة كلية الحقوق - المبنى الرئيسي 16.12.2025   Law1 11 341.23 YA . R 1995 1105225 C1 B11-05225 16.12.2025 1 16.12.2025 Books

© All rights reserved — Faculty of Law, Cairo University